| 000 | 00678nam a22001577a 4500 | ||
|---|---|---|---|
| 008 | 180705b xxu||||| |||| 00| 0 eng d | ||
| 020 | _a8439043051 | ||
| 082 |
_a708 _bN319p |
||
| 100 |
_aNavares, Paloma _96468 |
||
| 245 | _aFragmentos del jardín de la memoria | ||
| 260 |
_aMadrid _bUveuve Consultores _c1996 |
||
| 300 |
_a72 p. _bill (col) _c28.5 x 22 cm |
||
| 505 |
_tLa intensidad del limbo _rL. Ishi-Kawa _tIntroducción _rFernando Castro _tCatálogo de obras _tAlmacén de Silencios _tCurriculum _tBibliografía _tCréditos/ agradecimientos |
||
| 650 |
_xarte contemporáneo _xarte - exhibiciones _xEspaña _xarte - instalación _96469 |
||
| 700 |
_aIshi-Kawa, L.; Castro, Fernando _96470 |
||
| 999 |
_c1528 _d1528 |
||